[Event "DEM U12w 2018"]
[Site "Willingen GER"]
[Date "2018.05.26"]
[Round "11"]
[White "Alhassan, Jodi"]
[Black "Wimmer, Katharina"]
[Result "1/2-1/2"]
[Termination "normal"]
[Board "20"]
[WhiteElo "1114"]
[BlackElo "1169"]
[PlyCount "52"]
[WhiteFideId "16250460"]
[BlackFideId "16265947"]
[EventCountry "GER"]
[EventRounds "11"]
[EventType "swiss"]
[EventDate "2018.05.19"]

1. e4 e5 2. Nf3 Nc6 3. Bc4 Bc5 4. Nc3 Nf6 5. d3 d6 6. Na4 Bb6 7. Nxb6 axb6 8.
c3 O-O 9. Bg5 Be6 10. Bxe6 fxe6 11. d4 exd4 12. cxd4 h6 13. Bh4 e5 14. d5 Ne7
15. Bxf6 Rxf6 16. O-O Ng6 17. Ne1 c6 18. a3 Nf4 19. dxc6 bxc6 20. Qc2 d5 21.
Rd1 d4 22. Qb3+ Kh7 23. Nd3 Nxd3 24. Qxd3 b5 25. f4 Rxf4 26. Rxf4 exf4 1/2-1/2

[Event "DEM U10w 2018"]
[Site "Willingen GER"]
[Date "2018.05.20"]
[Round "1"]
[White "Trunz, Tamila"]
[Black "Peglau, Charis"]
[Result "0-1"]
[Termination "normal"]
[Board "2"]
[WhiteElo "1046"]
[BlackElo "1324"]
[WhiteClock "01:13:32"]
[BlackClock "01:12:19"]
[PlyCount "88"]
[WhiteFideId "16267885"]
[BlackFideId "16219996"]
[EventCountry "GER"]
[EventRounds "11"]
[EventType "swiss"]
[EventDate "2018.05.19"]

1. e4 {[%clk 1:15:59]} 1... c5 {[%clk 1:15:50]} 2. Nc3 {[%clk 1:16:21]} 2...
Nc6 {[%clk 1:16:13]} 3. g3 {[%clk 1:16:41]} 3... g6 {[%clk 1:16:28]} 4. Bg2 {
[%clk 1:17:02]} 4... Bg7 {[%clk 1:16:44]} 5. d3 {[%clk 1:17:09]} 5... Nf6 {
[%clk 1:16:21]} 6. Nge2 {[%clk 1:17:24]} 6... O-O {[%clk 1:16:37]} 7. Be3 {
[%clk 1:17:44]} 7... d6 {[%clk 1:16:03]} 8. Qd2 {[%clk 1:18:02]} 8... Ng4 {
[%clk 1:15:15]} 9. Bf4 {[%clk 1:17:24]} 9... Qb6 {[%clk 1:14:01]} 10. b3 {
[%clk 1:16:56]} 10... c4 {[%clk 1:13:10]} 11. h3 {[%clk 1:16:30]} 11... Qxf2+ {
[%clk 1:13:06]} 12. Kd1 {[%clk 1:16:09]} 12... Qxg2 {[%clk 1:13:01]} 13. Qe1 {
[%clk 1:15:34]} 13... Nf2+ {[%clk 1:12:57]} 14. Kd2 {[%clk 1:15:40]} 14...
Bxc3+ {[%clk 1:11:55]} 15. Kxc3 {[%clk 1:15:37]} 15... Qxh1 {[%clk 1:11:10]}
16. Qxh1 {[%clk 1:15:54]} 16... Nxh1 {[%clk 1:11:26]} 17. Rxh1 {[%clk 1:16:10]}
17... cxd3 {[%clk 1:11:13]} 18. cxd3 {[%clk 1:16:19]} 18... Kg7 {[%clk 1:11:15]
} 19. h4 {[%clk 1:16:10]} 19... Bg4 {[%clk 1:09:54]} 20. Nd4 {[%clk 1:16:12]}
20... Nxd4 {[%clk 1:09:56]} 21. Kxd4 {[%clk 1:16:29]} 21... e5+ {[%clk 1:10:04]
} 22. Bxe5+ {[%clk 1:16:26]} 22... dxe5+ {[%clk 1:10:26]} 23. Kxe5 { [%clk
1:16:32]} 23... f6+ {[%clk 1:10:24]} 24. Kf4 {[%clk 1:16:52]} 24... Be2 { [%clk
1:10:30]} 25. Ke3 {[%clk 1:16:52]} 25... Bg4 {[%clk 1:10:43]} 26. Rc1 { [%clk
1:16:56]} 26... Rac8 {[%clk 1:11:01]} 27. Rf1 {[%clk 1:16:41]} 27... Rfd8
{[%clk 1:11:01]} 28. d4 {[%clk 1:16:47]} 28... Rc3+ {[%clk 1:11:04]} 29. Kd2 {
[%clk 1:16:32]} 29... Rxg3 {[%clk 1:11:26]} 30. Rc1 {[%clk 1:14:39]} 30...
Rxd4+ {[%clk 1:11:33]} 31. Kc2 {[%clk 1:14:35]} 31... Rxe4 {[%clk 1:11:35]} 32.
Kb2 {[%clk 1:14:31]} 32... Rd4 {[%clk 1:11:05]} 33. Rc7+ {[%clk 1:14:31]} 33...
Rd7 {[%clk 1:11:30]} 34. Rxd7+ {[%clk 1:14:18]} 34... Bxd7 {[%clk 1:11:48]} 35.
Ka3 {[%clk 1:14:12]} 35... f5 {[%clk 1:12:06]} 36. Kb4 {[%clk 1:14:25]} 36...
f4 {[%clk 1:12:27]} 37. Kc5 {[%clk 1:14:40]} 37... f3 {[%clk 1:12:41]} 38. Kd6
{[%clk 1:14:29]} 38... Bc6 {[%clk 1:13:00]} 39. Kc7 {[%clk 1:14:25]} 39... f2 {
[%clk 1:13:22]} 40. Kb8 {[%clk 1:14:16]} 40... f1=Q {[%clk 1:13:42]} 41. Kxa7
Qa6+ 42. Kb8 {[%clk 1:13:40]} 42... Rd3 {[%clk 1:13:32]} 43. a4 {[%clk 1:13:20]
} 43... b5 {[%clk 1:12:19]} 44. axb5 {[%clk 1:13:32]} 44... Qb7# 0-1

[Event "DEM U10w 2018"]
[Site "Willingen GER"]
[Date "2018.05.20"]
[Round "1"]
[White "Englert, Lin"]
[Black "Mirnaya, Veronika"]
[Result "0-1"]
[Termination "normal"]
[Board "3"]
[WhiteElo "1316"]
[BlackElo "1036"]
[WhiteClock "00:53:21"]
[BlackClock "01:08:25"]
[PlyCount "56"]
[WhiteFideId "16226410"]
[BlackFideId "16277406"]
[EventCountry "GER"]
[EventRounds "11"]
[EventType "swiss"]
[EventDate "2018.05.19"]

1. e4 {[%clk 1:15:55]} 1... e5 {[%clk 1:15:57]} 2. Nf3 {[%clk 1:16:18]} 2...
Nc6 {[%clk 1:16:21]} 3. Bb5 {[%clk 1:16:43]} 3... a6 {[%clk 1:16:41]} 4. Ba4 {
[%clk 1:17:05]} 4... b5 {[%clk 1:16:54]} 5. Bb3 {[%clk 1:17:23]} 5... Nf6 {
[%clk 1:17:07]} 6. O-O {[%clk 1:16:25]} 6... Be7 {[%clk 1:17:23]} 7. d3 { [%clk
1:16:32]} 7... O-O {[%clk 1:17:11]} 8. Nc3 {[%clk 1:16:50]} 8... d6 { [%clk
1:17:13]} 9. Nd5 {[%clk 1:16:41]} 9... Bg4 {[%clk 1:16:33]} 10. Nxf6+ { [%clk
1:16:32]} 10... Bxf6 {[%clk 1:16:56]} 11. Bd5 {[%clk 1:16:50]} 11... Qd7 {[%clk
1:16:24]} 12. Be3 {[%clk 1:15:56]} 12... Rad8 {[%clk 1:14:07]} 13. Bxc6 {[%clk
1:12:33]} 13... Qxc6 {[%clk 1:14:25]} 14. c3 {[%clk 1:12:41]} 14... d5 { [%clk
1:13:57]} 15. h3 {[%clk 1:11:20]} 15... dxe4 {[%clk 1:13:20]} 16. hxg4 { [%clk
1:11:08]} 16... exf3 {[%clk 1:13:44]} 17. gxf3 {[%clk 1:10:56]} 17... Be7
{[%clk 1:12:51]} 18. Re1 {[%clk 1:04:31]} 18... f5 {[%clk 1:13:02]} 19. gxf5 {
[%clk 1:00:03]} 19... Rxf5 {[%clk 1:13:19]} 20. Kg2 {[%clk 0:59:20]} 20... Rdf8
{[%clk 1:12:11]} 21. Bc1 {[%clk 0:58:50]} 21... Rxf3 {[%clk 1:11:52]} 22. Rg1 {
[%clk 0:55:10]} 22... Rxf2+ {[%clk 1:10:29]} 23. Kh3 {[%clk 0:55:29]} 23...
R2f3+ {[%clk 1:10:01]} 24. Rg3 {[%clk 0:55:41]} 24... Rxg3+ {[%clk 1:09:22]}
25. Kxg3 {[%clk 0:56:06]} 25... Rf6 {[%clk 1:08:42]} 26. Qe2 {[%clk 0:54:15]}
26... Rg6+ {[%clk 1:08:06]} 27. Kh3 {[%clk 0:53:12]} 27... Qh1+ {[%clk 1:08:10]
} 28. Qh2 {[%clk 0:53:21]} 28... Qf3+ {[%clk 1:08:25]} 0-1

[Event "DEM U10w 2018"]
[Site "Willingen GER"]
[Date "2018.05.20"]
[Round "1"]
[White "Klonov, Sofia"]
[Black "Peglau, Dora"]
[Result "0-1"]
[Termination "normal"]
[Board "4"]
[WhiteElo "1028"]
[BlackElo "1203"]
[WhiteClock "00:04:37"]
[BlackClock "00:55:20"]
[PlyCount "94"]
[WhiteFideId "16226240"]
[BlackFideId "16220005"]
[EventCountry "GER"]
[EventRounds "11"]
[EventType "swiss"]
[EventDate "2018.05.19"]

1. e4 {[%clk 1:15:58]} 1... c5 {[%clk 1:15:45]} 2. d4 {[%clk 1:16:17]} 2...
cxd4 {[%clk 1:15:48]} 3. c3 {[%clk 1:16:36]} 3... dxc3 {[%clk 1:15:44]} 4. Nxc3
{[%clk 1:16:39]} 4... Nc6 {[%clk 1:15:45]} 5. Nf3 {[%clk 1:16:26]} 5... a6 {
[%clk 1:14:43]} 6. Bc4 {[%clk 1:14:58]} 6... b5 {[%clk 1:14:17]} 7. Bb3 { [%clk
1:15:06]} 7... e6 8. O-O {[%clk 1:13:54]} 8... Bb7 {[%clk 1:12:25]} 9. Be3
{[%clk 1:04:40]} 9... Nf6 {[%clk 1:11:48]} 10. Rc1 {[%clk 0:57:59]} 10... b4
{[%clk 1:11:02]} 11. e5 {[%clk 0:57:21]} 11... bxc3 {[%clk 1:10:05]} 12. exf6
{[%clk 0:57:43]} 12... cxb2 {[%clk 1:10:18]} 13. fxg7 {[%clk 0:58:01]} 13...
Bxg7 {[%clk 1:10:25]} 14. Rb1 {[%clk 0:55:53]} 14... Na5 {[%clk 1:00:13]} 15.
Nd4 {[%clk 0:55:59]} 15... Nxb3 {[%clk 1:00:14]} 16. Nxb3 {[%clk 0:55:45]}
16... Be4 {[%clk 1:00:12]} 17. Qg4 {[%clk 0:54:12]} 17... Bg6 {[%clk 0:58:08]}
18. Rbd1 {[%clk 0:48:54]} 18... O-O {[%clk 0:57:57]} 19. Bd4 {[%clk 0:39:52]}
19... Bxd4 {[%clk 0:56:42]} 20. Nxd4 {[%clk 0:39:40]} 20... Kh8 {[%clk 0:55:46]
} 21. Qe2 21... Rb8 {[%clk 0:52:46]} 22. Nc2 {[%clk 0:17:19]} 22... Qc7 { [%clk
0:52:09]} 23. Rc1 {[%clk 0:03:41]} 23... bxc1=Q {[%clk 0:50:55]} 24. Rxc1
{[%clk 0:03:55]} 24... Bxc2 {[%clk 0:51:09]} 25. h3 {[%clk 0:03:21]} 25... Rb1
{[%clk 0:51:10]} 26. Rxb1 {[%clk 0:02:06]} 26... Bxb1 {[%clk 0:51:15]} 27. Qb2+
{[%clk 0:00:37]} 27... Kg8 {[%clk 0:50:59]} 28. Qxb1 {[%clk 0:01:06]} 28... Rc8
{[%clk 0:50:52]} 29. Qd1 {[%clk 0:01:02]} 29... Qc1 {[%clk 0:51:06]} 30. Qf1 {
[%clk 0:00:56]} 30... Qxf1+ {[%clk 0:51:21]} 31. Kxf1 {[%clk 0:01:14]} 31...
Rc1+ {[%clk 0:51:36]} 32. Ke2 {[%clk 0:01:34]} 32... Rc2+ {[%clk 0:51:57]} 33.
Kd1 {[%clk 0:01:52]} 33... Rxf2 {[%clk 0:52:17]} 34. g4 {[%clk 0:02:08]} 34...
Rxa2 {[%clk 0:52:35]} 35. Kc1 {[%clk 0:02:12]} 35... e5 {[%clk 0:52:45]} 36.
Kd1 {[%clk 0:02:34]} 36... e4 {[%clk 0:52:56]} 37. Ke1 {[%clk 0:02:14]} 37...
e3 {[%clk 0:53:19]} 38. Kd1 {[%clk 0:02:37]} 38... e2+ {[%clk 0:53:27]} 39. Ke1
{[%clk 0:02:59]} 39... d5 {[%clk 0:53:46]} 40. g5 {[%clk 0:03:20]} 40... d4 {
[%clk 0:53:59]} 41. g6 {[%clk 0:03:42]} 41... d3 {[%clk 0:54:18]} 42. g7 {
[%clk 0:03:47]} 42... Ra1+ {[%clk 0:54:40]} 43. Kd2 {[%clk 0:03:51]} 43...
e1=Q+ {[%clk 0:54:59]} 44. Kxd3 {[%clk 0:04:01]} 44... Ra4 {[%clk 0:55:09]} 45.
h4 {[%clk 0:04:14]} 45... Qg3+ {[%clk 0:55:06]} 46. Ke2 {[%clk 0:04:27]} 46...
Ra2+ {[%clk 0:55:20]} 47. Kf1 {[%clk 0:04:37]} 47... Qf2# 0-1

[Event "DEM U10w 2018"]
[Site "Willingen GER"]
[Date "2018.05.20"]
[Round "1"]
[White "Trunz, Michelle"]
[Black "Loos, Violeta"]
[Result "1-0"]
[Termination "normal"]
[Board "5"]
[WhiteElo "1312"]
[BlackElo "1023"]
[WhiteClock "00:41:50"]
[BlackClock "00:47:48"]
[PlyCount "185"]
[WhiteFideId "16227980"]
[BlackFideId "34605290"]
[EventCountry "GER"]
[EventRounds "11"]
[EventType "swiss"]
[EventDate "2018.05.19"]

1. e4 {[%clk 1:15:56]} 1... e5 {[%clk 1:15:59]} 2. Nf3 {[%clk 1:16:16]} 2...
Nf6 {[%clk 1:16:19]} 3. Nc3 {[%clk 1:16:22]} 3... Nc6 {[%clk 1:16:40]} 4. Bc4 {
[%clk 1:15:55]} 4... Bc5 {[%clk 1:16:45]} 5. O-O {[%clk 1:16:02]} 5... d6 {
[%clk 1:17:05]} 6. h3 {[%clk 1:15:46]} 6... O-O {[%clk 1:17:27]} 7. d3 { [%clk
1:16:02]} 7... h6 {[%clk 1:17:48]} 8. Kh1 {[%clk 1:15:25]} 8... Re8 { [%clk
1:18:08]} 9. a3 {[%clk 1:14:56]} 9... a5 {[%clk 1:17:52]} 10. Qe2 { [%clk
1:14:10]} 10... Be6 {[%clk 1:16:49]} 11. b3 {[%clk 1:11:14]} 11... Nd4 { [%clk
1:16:25]} 12. Nxd4 {[%clk 1:10:57]} 12... Bxd4 {[%clk 1:16:41]} 13. Bb2 { [%clk
1:11:06]} 13... c6 {[%clk 1:14:47]} 14. Bxe6 {[%clk 1:10:46]} 14... Rxe6 {[%clk
1:14:41]} 15. Nd1 {[%clk 1:10:28]} 15... Bxb2 {[%clk 1:14:32]} 16. Nxb2 {[%clk
1:10:51]} 16... d5 {[%clk 1:13:43]} 17. Rad1 {[%clk 1:08:48]} 17... Qd6 {[%clk
1:13:10]} 18. Ra1 {[%clk 1:06:19]} 18... a4 {[%clk 1:13:08]} 19. b4 { [%clk
1:05:49]} 19... b5 {[%clk 1:11:11]} 20. f3 {[%clk 1:05:33]} 20... d4 { [%clk
1:09:59]} 21. Nd1 {[%clk 1:04:29]} 21... Nh5 {[%clk 1:10:05]} 22. Qf2 { [%clk
1:00:55]} 22... Rg6 {[%clk 1:10:09]} 23. g4 {[%clk 0:59:44]} 23... Nf4 { [%clk
1:09:49]} 24. Qh4 {[%clk 0:56:28]} 24... Re8 {[%clk 1:08:27]} 25. Nf2 { [%clk
0:56:05]} 25... Ne6 {[%clk 1:08:26]} 26. Rg1 {[%clk 0:53:34]} 26... Ng5 { [%clk
1:08:17]} 27. Rg3 {[%clk 0:50:37]} 27... Qf6 {[%clk 1:07:54]} 28. Kg2 { [%clk
0:49:52]} 28... Qf4 {[%clk 1:07:55]} 29. Rf1 {[%clk 0:42:50]} 29... Rf6 { [%clk
1:07:56]} 30. Nh1 {[%clk 0:42:22]} 30... Qe3 {[%clk 1:07:32]} 31. f4 { [%clk
0:41:26]} 31... Qd2+ {[%clk 1:05:04]} 32. Rf2 {[%clk 0:41:23]} 32... Qc3 {[%clk
1:05:28]} 33. fxg5 {[%clk 0:41:06]} 33... hxg5 {[%clk 1:02:12]} 34. Qxg5 {[%clk
0:40:35]} 34... Rg6 {[%clk 1:01:45]} 35. Qd2 {[%clk 0:40:10]} 35... Qxa3 {[%clk
1:01:14]} 36. Rgf3 {[%clk 0:39:41]} 36... Re7 {[%clk 1:01:09]} 37. Rf1 { [%clk
0:39:36]} 37... Qb2 {[%clk 1:01:18]} 38. Re1 {[%clk 0:38:35]} 38... a3 { [%clk
1:01:34]} 39. Rff1 {[%clk 0:38:56]} 39... Ra7 {[%clk 1:01:39]} 40. Rb1 { [%clk
0:39:10]} 40... Qc3 {[%clk 1:01:27]} 41. Qxc3 {[%clk 0:39:16]} 41... dxc3
{[%clk 1:01:48]} 42. Rb3 {[%clk 0:38:54]} 42... Rf6 {[%clk 0:59:45]} 43. Ra1 {
[%clk 0:38:35]} 43... a2 {[%clk 0:59:21]} 44. Rxc3 {[%clk 0:38:25]} 44... Rd6 {
[%clk 0:56:22]} 45. Rb3 {[%clk 0:38:45]} 45... Rd4 {[%clk 0:55:55]} 46. Nf2 {
[%clk 0:38:50]} 46... Ra4 {[%clk 0:55:54]} 47. c3 {[%clk 0:39:03]} 47... Rd7 {
[%clk 0:55:35]} 48. Rb2 {[%clk 0:39:09]} 48... Rda7 {[%clk 0:56:01]} 49. Kf1 {
[%clk 0:39:21]} 49... f6 {[%clk 0:56:08]} 50. Ke2 {[%clk 0:39:15]} 50... Kf7 {
[%clk 0:56:25]} 51. d4 {[%clk 0:38:35]} 51... exd4 {[%clk 0:56:26]} 52. cxd4 {
[%clk 0:38:53]} 52... g5 {[%clk 0:56:50]} 53. Kd2 {[%clk 0:38:45]} 53... Ke6 {
[%clk 0:56:57]} 54. Nd3 {[%clk 0:38:59]} 54... Ra3 {[%clk 0:56:12]} 55. Nc5+ {
[%clk 0:38:42]} 55... Kd6 {[%clk 0:56:20]} 56. Rb3 {[%clk 0:38:56]} 56... Kc7 {
[%clk 0:55:06]} 57. Kc2 {[%clk 0:38:55]} 57... Kd6 {[%clk 0:53:18]} 58. Kb2 {
[%clk 0:38:18]} 58... Rxb3+ {[%clk 0:53:28]} 59. Nxb3 {[%clk 0:38:12]} 59...
Rh7 {[%clk 0:53:42]} 60. Rh1 {[%clk 0:38:19]} 60... Ra7 {[%clk 0:53:30]} 61.
Na5 {[%clk 0:38:16]} 61... Re7 {[%clk 0:52:42]} 62. Re1 {[%clk 0:37:55]} 62...
Rh7 {[%clk 0:52:57]} 63. Re3 {[%clk 0:38:21]} 63... Kc7 {[%clk 0:53:06]} 64.
Kxa2 {[%clk 0:38:36]} 64... Rd7 {[%clk 0:53:26]} 65. e5 {[%clk 0:38:20]} 65...
fxe5 66. dxe5 Re7 67. Kb3 Kd7 68. Kc3 Ke6 69. Nxc6 69... Rc7 {[%clk 0:49:47]}
70. Kd4 {[%clk 0:38:00]} 70... Rxc6 {[%clk 0:50:06]} 71. Rf3 {[%clk 0:38:11]}
71... Rc4+ {[%clk 0:49:08]} 72. Kd3 {[%clk 0:38:25]} 72... Ke7 {[%clk 0:48:40]}
73. Rf6 {[%clk 0:38:12]} 73... Kd7 {[%clk 0:48:57]} 74. Rd6+ {[%clk 0:38:25]}
74... Ke7 {[%clk 0:49:06]} 75. Rd4 {[%clk 0:38:41]} 75... Rc6 {[%clk 0:47:19]}
76. Ke4 {[%clk 0:38:45]} 76... Rh6 {[%clk 0:47:16]} 77. Rd3 {[%clk 0:39:06]}
77... Rh4 78. Kf5 78... Rh7 {[%clk 0:47:00]} 79. Kxg5 {[%clk 0:39:05]} 79...
Ke6 {[%clk 0:47:02]} 80. Kf4 {[%clk 0:39:10]} 80... Rf7+ {[%clk 0:47:19]} 81.
Ke4 {[%clk 0:38:56]} 81... Rd7 {[%clk 0:47:08]} 82. Rxd7 {[%clk 0:39:20]} 82...
Kxd7 {[%clk 0:47:30]} 83. g5 {[%clk 0:39:40]} 83... Ke7 {[%clk 0:47:38]} 84.
Kf5 {[%clk 0:40:00]} 84... Kf7 85. g6+ 85... Kg7 {[%clk 0:47:35]} 86. e6 {
[%clk 0:40:22]} 86... Kf8 87. Kf6 Ke8 88. g7 88... Kd8 {[%clk 0:47:16]} 89.
g8=Q+ {[%clk 0:40:45]} 89... Kc7 {[%clk 0:47:16]} 90. e7 {[%clk 0:41:06]} 90...
Kc6 {[%clk 0:47:26]} 91. e8=Q+ {[%clk 0:41:28]} 91... Kd6 {[%clk 0:47:43]} 92.
Qee6+ {[%clk 0:41:50]} 92... Kc7 {[%clk 0:47:48]} 93. Qgc8# 1-0

[Event "DEM U10w 2018"]
[Site "Willingen GER"]
[Date "2018.05.20"]
[Round "1"]
[White "Bangiev, Katharina"]
[Black "Petrosyan, Ani"]
[Result "1/2-1/2"]
[Termination "normal"]
[Board "6"]
[WhiteElo "1009"]
[BlackElo "1331"]
[WhiteClock "00:49:30"]
[BlackClock "00:33:06"]
[PlyCount "46"]
[WhiteFideId "16267230"]
[BlackFideId "16248015"]
[EventCountry "GER"]
[EventRounds "11"]
[EventType "swiss"]
[EventDate "2018.05.19"]

1. e4 {[%clk 1:15:57]} 1... c6 {[%clk 1:15:49]} 2. d4 {[%clk 1:16:15]} 2... d5
{[%clk 1:16:10]} 3. Nc3 {[%clk 1:16:36]} 3... dxe4 {[%clk 1:14:09]} 4. Nxe4 {
[%clk 1:16:55]} 4... Bf5 {[%clk 1:14:12]} 5. Ng3 {[%clk 1:17:11]} 5... Bg6 {
[%clk 1:14:06]} 6. Nf3 {[%clk 1:16:05]} 6... Nf6 {[%clk 1:10:24]} 7. Bc4 {
[%clk 1:13:49]} 7... e6 {[%clk 1:04:45]} 8. Bg5 {[%clk 1:10:45]} 8... Be7 {
[%clk 1:04:24]} 9. O-O {[%clk 1:09:16]} 9... O-O {[%clk 1:04:05]} 10. h3 {
[%clk 1:07:48]} 10... Nbd7 {[%clk 1:02:06]} 11. Re1 {[%clk 1:07:00]} 11... Re8
{[%clk 0:54:12]} 12. Nh4 {[%clk 1:01:39]} 12... Nd5 {[%clk 0:50:36]} 13. Bxe7 {
[%clk 1:00:42]} 13... Rxe7 {[%clk 0:47:30]} 14. Nxg6 {[%clk 1:00:49]} 14...
fxg6 {[%clk 0:47:54]} 15. Ne4 {[%clk 0:58:06]} 15... Qc7 {[%clk 0:44:11]} 16.
Ng5 {[%clk 0:57:35]} 16... Rae8 {[%clk 0:42:36]} 17. Qd3 {[%clk 0:55:52]} 17...
Qf4 {[%clk 0:37:22]} 18. Nf3 {[%clk 0:53:54]} 18... e5 {[%clk 0:34:56]} 19. Re4
{[%clk 0:52:34]} 19... Qf6 {[%clk 0:32:42]} 20. Rae1 {[%clk 0:49:47]} 20...
exd4 {[%clk 0:32:16]} 21. Rxe7 {[%clk 0:49:17]} 21... Rxe7 {[%clk 0:32:40]} 22.
Rxe7 {[%clk 0:49:34]} 22... Qxe7 {[%clk 0:33:06]} 23. Qxd4 {[%clk 0:49:30]}
23... Qc5 1/2-1/2

[Event "DEM U10w 2018"]
[Site "Willingen GER"]
[Date "2018.05.20"]
[Round "1"]
[White "Stepanjan, Marianne"]
[Black "Bone, Annalena"]
[Result "1-0"]
[Termination "normal"]
[Board "7"]
[WhiteElo "1246"]
[BlackElo "990"]
[WhiteClock "00:28:00"]
[BlackClock "00:20:15"]
[PlyCount "127"]
[WhiteFideId "16246110"]
[BlackFideId "16284453"]
[EventCountry "GER"]
[EventRounds "11"]
[EventType "swiss"]
[EventDate "2018.05.19"]

1. e4 {[%clk 1:15:57]} 1... e5 {[%clk 1:15:52]} 2. Nf3 {[%clk 1:16:23]} 2...
Nc6 {[%clk 1:16:10]} 3. Bb5 {[%clk 1:16:44]} 3... a6 {[%clk 1:16:07]} 4. Ba4 {
[%clk 1:17:07]} 4... b5 {[%clk 1:16:15]} 5. Bb3 {[%clk 1:17:15]} 5... Bc5 {
[%clk 1:16:21]} 6. c3 {[%clk 1:16:26]} 6... Nf6 {[%clk 1:15:44]} 7. d4 { [%clk
1:16:05]} 7... Bd6 {[%clk 1:15:04]} 8. Qd3 {[%clk 1:11:23]} 8... O-O { [%clk
1:14:42]} 9. Bg5 {[%clk 1:10:20]} 9... Be7 {[%clk 1:13:50]} 10. Nxe5 { [%clk
1:07:31]} 10... Nxe5 {[%clk 1:11:33]} 11. dxe5 {[%clk 1:06:31]} 11... Ng4
{[%clk 1:10:56]} 12. Qg3 {[%clk 1:05:49]} 12... d6 {[%clk 1:10:40]} 13. Bxe7 {
[%clk 1:05:16]} 13... Qxe7 {[%clk 1:10:41]} 14. Bd5 {[%clk 1:02:04]} 14... dxe5
{[%clk 1:09:21]} 15. Bxa8 {[%clk 1:01:48]} 15... Nf6 {[%clk 1:06:23]} 16. Nd2 {
[%clk 1:00:00]} 16... Qd6 {[%clk 1:01:37]} 17. Rd1 {[%clk 0:57:47]} 17... Rd8 {
[%clk 1:00:59]} 18. Qf3 {[%clk 0:54:16]} 18... Bg4 {[%clk 1:00:56]} 19. Qe3 {
[%clk 0:52:00]} 19... Bxd1 {[%clk 1:00:12]} 20. f3 {[%clk 0:49:40]} 20... Bc2 {
[%clk 0:57:02]} 21. Bb7 {[%clk 0:47:30]} 21... Bd3 {[%clk 0:55:52]} 22. Nb3 {
[%clk 0:46:19]} 22... Bc2 {[%clk 0:53:41]} 23. O-O {[%clk 0:44:35]} 23... Bd1 {
[%clk 0:52:19]} 24. Rf2 {[%clk 0:35:11]} 24... Bxb3 {[%clk 0:51:18]} 25. axb3 {
[%clk 0:35:30]} 25... Qd1+ {[%clk 0:51:06]} 26. Rf1 {[%clk 0:35:17]} 26... Qxb3
{[%clk 0:48:34]} 27. Bxa6 {[%clk 0:34:47]} 27... Rd1 {[%clk 0:48:41]} 28. Rxd1
{[%clk 0:31:21]} 28... Qxd1+ {[%clk 0:48:36]} 29. Kf2 {[%clk 0:31:26]} 29...
Qb3 {[%clk 0:42:59]} 30. Qd2 {[%clk 0:31:55]} 30... h6 {[%clk 0:42:15]} 31. Qe2
{[%clk 0:30:53]} 31... b4 {[%clk 0:40:35]} 32. Bc4 {[%clk 0:29:39]} 32... Qa4 {
[%clk 0:39:38]} 33. b3 {[%clk 0:28:39]} 33... Qa7+ {[%clk 0:38:51]} 34. Qe3 {
[%clk 0:28:25]} 34... Qxe3+ {[%clk 0:38:35]} 35. Kxe3 {[%clk 0:28:50]} 35...
bxc3 {[%clk 0:38:37]} 36. Kd3 {[%clk 0:29:12]} 36... Nh5 37. g3 37... Kh7 {
[%clk 0:35:22]} 38. Kxc3 {[%clk 0:29:10]} 38... g6 {[%clk 0:34:38]} 39. Bxf7 {
[%clk 0:28:50]} 39... Kg7 {[%clk 0:33:31]} 40. Bd5 {[%clk 0:29:08]} 40... Nf6 {
[%clk 0:31:39]} 41. Kc4 {[%clk 0:29:07]} 41... h5 {[%clk 0:31:18]} 42. Kc5 {
[%clk 0:29:14]} 42... g5 {[%clk 0:30:30]} 43. Kc6 {[%clk 0:29:16]} 43... Ne8 {
[%clk 0:30:03]} 44. Kd7 {[%clk 0:29:16]} 44... Kf8 {[%clk 0:30:05]} 45. b4 {
[%clk 0:28:44]} 45... g4 {[%clk 0:29:32]} 46. fxg4 {[%clk 0:28:12]} 46... hxg4
{[%clk 0:29:42]} 47. b5 {[%clk 0:28:18]} 47... Nd6 {[%clk 0:28:06]} 48. Bc6 {
[%clk 0:28:02]} 48... Ne8 {[%clk 0:27:08]} 49. Kc8 {[%clk 0:28:15]} 49... Ke7 {
[%clk 0:26:29]} 50. Bxe8 {[%clk 0:28:09]} 50... Kxe8 {[%clk 0:26:06]} 51. Kxc7
{[%clk 0:28:21]} 51... Ke7 {[%clk 0:25:08]} 52. b6 {[%clk 0:28:44]} 52... Kf6 {
[%clk 0:24:28]} 53. b7 {[%clk 0:29:06]} 53... Ke6 {[%clk 0:23:48]} 54. b8=Q {
[%clk 0:29:31]} 54... Ke7 55. Qd8+ Ke6 56. Qd6+ 56... Kf7 {[%clk 0:21:12]} 57.
Qxe5 {[%clk 0:29:54]} 57... Kg6 {[%clk 0:20:08]} 58. Qf5+ {[%clk 0:28:36]}
58... Kg7 59. e5 59... Kh8 {[%clk 0:19:36]} 60. Qg5 {[%clk 0:27:13]} 60... Kh7
{[%clk 0:19:51]} 61. e6 {[%clk 0:27:27]} 61... Kh8 {[%clk 0:19:51]} 62. e7 {
[%clk 0:27:51]} 62... Kh7 {[%clk 0:20:14]} 63. e8=N {[%clk 0:28:00]} 63... Kh8
{[%clk 0:20:15]} 64. Qg7# 1-0